| 000 | 00770cam a2200229 4500 | ||
|---|---|---|---|
| 001 | ABS61382 | ||
| 008 | 000000n1999 000 0 eng u | ||
| 035 | _a(Sirsi) u101126 | ||
| 100 | _aLane, R. | ||
| 245 | _aCorridor development drawbacks | ||
| 260 | _c1999 | ||
| 490 |
_aPlanning (for the Natural and Built Environment) _v(1338) 1 October 1999, 15(1) |
||
| 520 | _aReports that the House of Commons environment select committee doubts on the validity of proposals to encourage development in public transport corridors are supported by research. Graphs. | ||
| 590 | _aABS | ||
| 650 | _aTRANSPORT CORRIDORS | ||
| 650 | _aPUBLIC TRANSPORT | ||
| 650 | _aPPG3 | ||
| 650 | _aRAIL ROUTES | ||
| 650 | _aHOUSING | ||
| 690 | _aHOUSING-DEVELOPMENT | ||
| 942 | _n0 | ||
| 999 |
_c60329 _d60329 |
||